Drop an S Quiz Stats

 Plays Quiz Updated Dec 1, 2014

Also try: Drop an F
Challenge
Share
Tweet
Embed
Score 0/15 Timer 03:00
1 Play Today
% Correct
COASTED
95.6%
DESTAINED
95.1%
HASTEFULLY
94.7%
CARESS
92.5%
STICKER
91.5%
FISTFUL
89%
REVERSE
86.6%
CLOSEST
85.5%
% Correct
PURSER
85.4%
NEEDLESS
80.1%
ASSESS
76.2%
SQUASHED
70.2%
RESIGNED
66.3%
POSSESS
65.7%
DISASTER
13.1%

You're not logged in!

Compare scores with friends on all Sporcle quizzes.
OR
Log In

You Might Also Like...

Show Comments

Extras

Top Quizzes Today


Score Distribution

Your Account Isn't Verified!

In order to create a playlist on Sporcle, you need to verify the email address you used during registration. Go to your Sporcle Settings to finish the process.

Report this User

Report this user for behavior that violates our Community Guidelines.

Details: